Normal view
MARC view
Entry Personal Name
001 - CONTROL NUMBER
- control field: 8584
003 - CONTROL NUMBER IDENTIFIER
- control field: BD-RjUL
005 - DATE AND TIME OF LATEST TRANSACTION
- control field: 20230826164101.0
008 - FIXED-LENGTH DATA ELEMENTS
- fixed length control field: 230826|| aca||aabn | a|a d
040 ## - CATALOGING SOURCE
- Original cataloging agency: BD-RjUL
- Transcribing agency: BD-RjUL
100 ## - HEADING--PERSONAL NAME
- Personal name: Raman, Md. Jahanur, Principal Supervisor
670 ## - SOURCE DATA FOUND
- Source citation: Work cat.: (BD-RjUL)81776: Maniruzzaman, Md. 8582, Comparison of performances of machine learning techniques in healthcare data /, 2021